| 000 | 00522nam a22001937a 4500 | ||
|---|---|---|---|
| 003 | OSt | ||
| 005 | 20140310182316.0 | ||
| 008 | 130920t xxu||||| |||| 00| 0 eng d | ||
| 020 | _a0673800466 | ||
| 050 |
_aLB 1573 _b.W853 1993 |
||
| 082 |
_aGS 428 _bT15-wb6 2006 |
||
| 245 |
_aThe wolf is at the door : _btales of courage / |
||
| 260 |
_aNew York : _bScott Foresman, _c1993. |
||
| 300 |
_a144 p. ; _c23 cm. |
||
| 440 |
_aCelebrate reading _920980 |
||
| 650 |
_aFiction _9746 |
||
| 942 |
_2lcc _cBK-GS |
||
| 999 |
_c11750 _d11750 |
||